LEADER 00932nam a2200229 i 4500 001 000000161917 003 CaOOAMICUS 005 20231030120403.0 008 070601s1967 it u000 u ita u 040 $aSeMil$bita 100 1 $aGarin, Eugenio,$d<1909-2004>.$0(OLS)http://semarc/name/1340 245 13$aLa cultura del Rinascimento :$bprofilo storico /$cEugenio Garin. 264 1$aBari :$bLaterza,$c1967. 300 $a207 p. ;$c18 cm. 490 1 $aUniversale Laterza ;$v60 650 4$aRinascimento - Cultura - Storia.$0(OLS)http://semarc/subject/15197 830 0$aUniversale Laterza ;$v60.$0(OLS)http://semarc/title/6923 850 $aSeMil 852 $aSeMil$W1$xVenegono$y1$m3U I 483$j244019$B113294$CSeMilBibl$Z2$F123932 $81 996 $6245$aLa cultura del Rinascimento :$bprofilo storico$9(OLS)http://semarc/title/145308 996 $6264$aBari :$bLaterza$9(OLS)http://semarc/publisher/29858 LEADER 00427naa a2200133 i 4500 001 000000320916 003 CaOOAMICUS 005 20180831173335.0 008 180831n it u000 u ita u 013 $a31135 040 $aSeMil$bita 245 13$aIl vincolo mimetico. 773 0 $tTecnofilosofia.$dMilano ; Udine : Mimesis, 2000.$kMillepiani$z88-8483-004-4$gp.81-96$w()221960 996 $6245$aIl vincolo mimetico$9(OLS)http://semarc/title/394474